FastFood & Drink Logos - Statistics

General Stats
  • This quiz has been taken 2,439 times
  • The average score is 10 of 10
Answer Stats
Picture Answer % Correct
Burger King
100%
KFC
100%
Coca Cola
99%
Lipton
99%
McDonald
99%
Pepsi
99%
Dr Pepper
98%
Starbucks
98%
Wendy's
96%
Dunkin' Donuts
95%
No matching quizzes found
Score Distribution
Percent of People with Each Score
Percentile by Number Answered
Your Score History
You have not taken this quiz